LEADER 01194nam a2200253 a 4500 001 000000137260 003 CaOOAMICUS 005 20140211125813.0 008 140211s1956 it u000 u ita r 040 $aPUL$bita 100 1 $aRossi, Emilio,$d1923-2008.$0(OLS)http://pul/name/78710 245 13$aIl pensiero politico di Jacques Maritain /$cEmilio Rossi. 260 $aMilano :$bEdizioni di Comunità,$c1956. 300 $aXV, 313 p. ;$c23 cm 600 14$aMaritain, Jacques,$d1882-1973$xPensiero politico e sociale.$0(OLS)http://pul/subject/11927 850 $aPUL 852 $aPUL$W1$xDP1 Fondo E. Rossi$y115$m5 A 99$j158314$a2. copia$qFondi$B157782$CPULBib$Z2$F157782 $82 852 $aPUL$W1$xDP1 Fondo E. Rossi$y115$m5 A 70$j158285$qFondi$B157753$CPULBib$Z2$F157753 $82 852 $aPUL$W1$xDP1 Fondo Dalla Palma$y117$m2 D 98$j191337$qFondi$B194822$CPULBib$Z2$F194822 $HDal3332 $81 941 1 $a1 961 $aSul dorso collocazione ms. di E. Rossi: MM 16 996 $6245$aIl pensiero politico di Jacques Maritain$9(OLS)http://pul/title/12766 996 $6260$aMilano :$bEdizioni di Comunità$9(OLS)http://pul/publisher/48252 LEADER 00922nam a2200253 a 4500 001 000000144828 003 CaOOAMICUS 005 20150713104851.0 008 150713s1976 it u000 u ita r 040 $aPUL$bita 100 1 $aSpadafora, Francesco.$0(OLS)http://pul/name/12098 245 10$aFatima e la peste del socialismo /$cFrancesco Spadafora. 250 $a2. ed. 260 $aRoma :$bG. Volpe,$c©1976. 300 $a98 p. ;$c19 cm 490 1 $aI brulotti ;$v10 651 4$aFatima.$0(OLS)http://pul/subject/29261 830 0$aBrulotti ;$v10.$0(OLS)http://pul/title/183189 850 $aPUL 852 $aPUL$W1$xDP1 Religione 1$y20$m641 B 72$j167213$qStampati$B167797$CPULBib$Z2$F167797 $H48235 $82 941 1 $a8 996 $6245$aFatima e la peste del socialismo$9(OLS)http://pul/title/183188 996 $6260$aRoma :$bG. Volpe$9(OLS)http://pul/publisher/61340